| 000 | 00461nam a2200193Ia 4500 | ||
|---|---|---|---|
| 005 | 20240823042421.0 | ||
| 008 | 240823s9999||||xx |||||||||||||| ||und|| | ||
| 020 | _a81-87328-41-X | ||
| 041 | _aENGLISH | ||
| 082 | _A005.133 P3 | ||
| 100 | _aRajaram R | ||
| 245 | 0 | _aPrograming in JAVA 2 | |
| 250 | _a1st | ||
| 260 |
_c2003 _b"Scitech Publications,Ch" |
||
| 500 | _aTRANSFERED | ||
| 650 |
_aJAVA _bComputer Applications |
||
| 942 | _cBK | ||
| 999 |
_c207817 _d207817 |
||